[Event "Warsaw Maciei Memorial"]
[Site "Warsaw"]
[Date "2025.07.07"]
[Round "5"]
[White "Starosta, Martyna"]
[Black "Moe, Arthur Helsted"]
[Result "1-0"]
[WhiteElo "2173"]
[BlackElo "2039"]
[PlyCount "67"]
[EventDate "2025.07.07"]
[EventType "swiss (blitz)"]
[EventRounds "11"]
[EventCountry "POL"]
[SourceTitle "CB28_2025"]
[SourceDate "2025.07.09"]
[SourceVersion "1"]
[SourceVersionDate "2025.07.09"]
[SourceQuality "1"]

1. e4 c5 2. Nf3 Nc6 3. d4 cxd4 4. Nxd4 g6 5. c4 Nf6 6. Nc3 Nxd4 7. Qxd4 d6 8. Be3 Bg7 9. Qd2 0-0 10. Be2 a5 11. 0-0 a4 12. Bd4 Bd7 13. Rad1 Bc6 14. Bd3 Qa5 15. f4 e5 16. fxe5 dxe5 17. Bf2 Rad8 18. Qe2 a3 19. Bh4 Rd6 20. Nd5 Bxd5 21. cxd5 axb2 22. Qxb2 Nd7 23. Be7 Rb6 24. Qf2 f6 25. Bxf8 Bxf8 26. Kh1 Bc5 27. Qg3 Qxa2 28. Qh3 Rd6 29. Bb5 Nb6 30. Ra1 Qb2 31. Bd3 Bd4 32. Rac1 Rd8 33. Rc7 Qb4 34. Qxh7+ 1-0

[Event "Warsaw Maciei Memorial"]
[Site "Warsaw"]
[Date "2025.07.07"]
[Round "7"]
[White "Starosta, Martyna"]
[Black "Zurkowski, Andrzej"]
[Result "0-1"]
[WhiteElo "2173"]
[BlackElo "2069"]
[PlyCount "108"]
[EventDate "2025.07.07"]
[EventType "swiss (blitz)"]
[EventRounds "11"]
[EventCountry "POL"]
[SourceTitle "CB28_2025"]
[SourceDate "2025.07.09"]
[SourceVersion "1"]
[SourceVersionDate "2025.07.09"]
[SourceQuality "1"]

1. e4 d5 2. exd5 Qxd5 3. Nc3 Qd6 4. d4 Nf6 5. Nf3 a6 6. Ne5 c5 7. Nc4 Qe6+ 8. Be2 cxd4 9. Qxd4 Nc6 10. Qd1 Ne4 11. Nxe4 Qxe4 12. 0-0 Be6 13. Nb6 Rd8 14. Bd3 Qb4 15. Be3 g6 16. a3 Qh4 17. Qe2 Bg7 18. f4 Bg4 19. Qf2 Qxf2+ 20. Rxf2 Bxb2 21. Rb1 Bd4 22. Bxd4 Nxd4 23. Nc4 Bc8 24. Ne5 f6 25. Nc4 b5 26. Ne3 0-0 27. Be4 Be6 28. c3 Nb3 29. Rbb2 Nc5 30. Bc2 f5 31. Rb1 Bf7 32. Re1 Rd7 33. Nf1 Rfd8 34. Re5 Nb7 35. h3 Nd6 36. Ne3 Nc4 37. Nxc4 Bxc4 38. Kh2 Kf7 39. Rf3 e6 40. Rfe3 Rd2 41. Bb1 Rb2 42. Re1 Rdd2 43. Kg3 Rxg2+ 44. Kh4 h6 45. Rc5 Kf6 46. Rc8 g5+ 47. fxg5+ hxg5+ 48. Kh5 Rh2 49. Re3 Rxb1 50. Kh6 Rbh1 51. Rf8+ Ke7 52. Kg7 Rxh3 53. Rf7+ Kd6 54. Rf6 Rxe3 0-1

[Event "Katowice rapid op"]
[Site "Katowice"]
[Date "2025.06.02"]
[Round "5"]
[White "Kiolbasa, Oliwia"]
[Black "Starosta, Martyna"]
[Result "1-0"]
[WhiteElo "2241"]
[BlackElo "2019"]
[PlyCount "65"]
[EventDate "2025.05.31"]
[EventType "swiss"]
[EventRounds "11"]
[EventCountry "POL"]
[SourceTitle "CB24_2025"]
[SourceDate "2025.06.11"]
[SourceVersion "1"]
[SourceVersionDate "2025.06.11"]
[SourceQuality "1"]

1. e4 e6 2. d4 d5 3. e5 c5 4. c3 Qb6 5. Nf3 Nc6 6. Be2 Bd7 7. 0-0 cxd4 8. cxd4 Nge7 9. Na3 Rc8 10. Nc2 Na5 11. b3 Bb5 12. Ne3 Nec6 13. Bb2 Be7 14. h4 Nb4 15. Ne1 Kf8 16. h5 Nac6 17. Bxb5 Qxb5 18. a3 Na6 19. b4 Na5 20. a4 Qxb4 21. Ba3 Qb3 22. Bxe7+ Kxe7 23. Qg4 Rhg8 24. Nf3 h6 25. Nh4 Qd3 26. Nxd5+ exd5 27. Nf5+ Kd8 28. Nxh6 Kc7 29. Nxg8 Rxg8 30. Qf4 Kb8 31. e6+ Nc7 32. exf7 Rf8 33. Qd6 1-0

[Event "POL-chT Ekstraliga"]
[Site "Chotowa"]
[Date "2025.06.02"]
[Round "1.6"]
[White "Siekanska, Maria"]
[Black "Starosta, Martyna"]
[Result "0-1"]
[WhiteElo "2137"]
[BlackElo "2182"]
[PlyCount "56"]
[EventDate "2025.06.02"]
[EventType "team-tourn"]
[EventRounds "9"]
[EventCountry "POL"]
[SourceTitle "CB24_2025"]
[SourceDate "2025.06.11"]
[SourceVersion "1"]
[SourceVersionDate "2025.06.11"]
[SourceQuality "1"]
[WhiteTeam "Gorzow Wielkopolski Stilon"]
[BlackTeam "Wroclaw Polonia"]
[WhiteTeamCountry "POL"]
[BlackTeamCountry "POL"]

1. e4 e6 2. d4 d5 3. e5 c5 4. c3 Nc6 5. Nf3 Qb6 6. a3 f6 7. Bd3 fxe5 8. dxe5 g6 9. 0-0 Bg7 10. c4 Nge7 11. Qe2 0-0 12. Nc3 Bd7 13. Bg5 Rae8 14. Rab1 Nd4 15. Nxd4 cxd4 16. Nb5 dxc4 17. Bxc4 Rf5 18. Bf6 Bxf6 19. exf6 Bxb5 20. Qxe6+ Qxe6 21. Bxe6+ Kh8 22. fxe7 Re5 23. Rfe1 Rxe1+ 24. Rxe1 Rxe7 25. Re4 d3 26. f3 d2 27. Bb3 Rxe4 28. fxe4 Be2 0-1

[Event "Katowice rapid op"]
[Site "Katowice"]
[Date "2025.05.31"]
[Round "9"]
[White "Dobosiewicz, Dawid"]
[Black "Starosta, Martyna"]
[Result "1-0"]
[WhiteElo "2228"]
[BlackElo "2019"]
[PlyCount "75"]
[EventDate "2025.05.31"]
[EventType "swiss"]
[EventRounds "11"]
[EventCountry "POL"]
[SourceTitle "CB24_2025"]
[SourceDate "2025.06.11"]
[SourceVersion "1"]
[SourceVersionDate "2025.06.11"]
[SourceQuality "1"]

1. e4 e6 2. d4 d5 3. e5 c5 4. c3 Nc6 5. Nf3 Qb6 6. a3 f6 7. exf6 Nxf6 8. b4 cxd4 9. cxd4 Bd6 10. Bd3 e5 11. dxe5 Nxe5 12. Be2 0-0 13. 0-0 a5 14. b5 Qc7 15. h3 Be6 16. Nd4 Bd7 17. Qc2 Nc4 18. Nd2 Rac8 19. Nxc4 dxc4 20. Bf3 Be5 21. Be3 Bxd4 22. Bxd4 Bxb5 23. Rab1 Ba6 24. Qc3 b5 25. Be5 Qb6 26. Rfd1 Rfd8 27. Bd4 Qc7 28. Bxf6 gxf6 29. Qxf6 Bb7 30. Rxd8+ Qxd8 31. Qe6+ Kg7 32. Bxb7 Rc5 33. Bf3 c3 34. Rd1 c2 35. Rd7+ Qxd7 36. Qxd7+ Kg8 37. Qe8+ Kg7 38. Qe7+ 1-0

[Event "Katowice rapid op"]
[Site "Katowice"]
[Date "2025.05.31"]
[Round "4"]
[White "Starosta, Martyna"]
[Black "Nowacki, Adam"]
[Result "1-0"]
[WhiteElo "2019"]
[BlackElo "1829"]
[PlyCount "80"]
[EventDate "2025.05.31"]
[EventType "swiss"]
[EventRounds "11"]
[EventCountry "POL"]
[SourceTitle "CB24_2025"]
[SourceDate "2025.06.11"]
[SourceVersion "1"]
[SourceVersionDate "2025.06.11"]
[SourceQuality "1"]

1. e4 c6 2. d4 d5 3. f3 g6 4. e5 Bg7 5. c4 Bf5 6. Nc3 dxc4 7. Bxc4 Qc8 8. Qb3 Be6 9. Bxe6 fxe6 10. Nh3 Bh6 11. Bxh6 Nxh6 12. Ng5 Nf5 13. Nxe6 Qd7 14. Rd1 Ne3 15. Rd2 Na6 16. Ne4 Nd5 17. N4c5 Nxc5 18. Nxc5 Qf5 19. Qxb7 0-0 20. Qxc6 Nf4 21. Qe4 Qg5 22. g3 Nh5 23. Ne6 Qh6 24. Nxf8 Rxf8 25. Rf1 Rc8 26. Ke2 Ng7 27. Rf2 Nf5 28. g4 Ng7 29. Rc2 Rxc2+ 30. Qxc2 Qf4 31. Qb3+ Kf8 32. Qe3 Qf7 33. b3 Qd5 34. Qe4 Qb5+ 35. Qd3 Qd5 36. Qc4 Qa5 37. Kf1 Qb6 38. d5 Qe3 39. e6 Ne8 40. Re2 Qf4 1-0

[Event "EU-ch 25th"]
[Site "Eforie Nord"]
[Date "2025.03.25"]
[Round "10"]
[White "Onofrasc, Ivan"]
[Black "Starosta, Martyna"]
[Result "1/2-1/2"]
[WhiteElo "1860"]
[BlackElo "2226"]
[PlyCount "127"]
[EventDate "2025.03.15"]
[EventType "swiss"]
[EventRounds "11"]
[EventCountry "ROU"]
[SourceTitle "CB13_2025"]
[SourceDate "2025.03.26"]
[SourceVersion "1"]
[SourceVersionDate "2025.03.26"]
[SourceQuality "1"]

1. e4 e6 2. d4 d5 3. Bd3 c5 4. exd5 exd5 5. Nf3 c4 6. Be2 Bd6 7. b3 cxb3 8. axb3 Nf6 9. 0-0 Nc6 10. c4 Bg4 11. Na3 0-0 12. Nc2 Re8 13. Bg5 Be7 14. Ne3 Be6 15. Bxf6 Bxf6 16. c5 Ne7 17. Bd3 g6 18. Qd2 h5 19. b4 Kg7 20. Ne5 Bxe5 21. dxe5 d4 22. Nc4 Bxc4 23. Bxc4 Nf5 24. Rfe1 a6 25. e6 f6 26. Qf4 a5 27. Bd3 Ne7 28. bxa5 Rxa5 29. Qd6 Rxa1 30. Rxa1 Nc6 31. Re1 Ne5 32. Bb5 Qxd6 33. cxd6 Rxe6 34. d7 Rd6 35. f4 Nc6 36. Bxc6 bxc6 37. Re6 Rxd7 38. Rxc6 Kf7 39. Kf2 Ke7 40. Kf3 d3 41. Rc1 Ke6 42. Rd1 Kf5 43. Rd2 h4 44. g4+ hxg3 45. hxg3 g5 46. g4+ Ke6 47. fxg5 fxg5 48. Ke4 Rf7 49. Kxd3 Rf3+ 50. Ke4 Rf4+ 51. Ke3 Rxg4 52. Kf3 Rg1 53. Kf2 Ra1 54. Kg2 Kf5 55. Rb2 Ra3 56. Rb5+ Kg4 57. Rb4+ Kh5 58. Rb2 Kh4 59. Rb4+ g4 60. Rb2 Rg3+ 61. Kh2 Rf3 62. Kg2 Rf4 63. Ra2 Re4 64. Rb2 1/2-1/2

[Event "EU-ch 25th"]
[Site "Eforie Nord"]
[Date "2025.03.24"]
[Round "9"]
[White "Starosta, Martyna"]
[Black "Veleski, Robert"]
[Result "1-0"]
[WhiteElo "2226"]
[BlackElo "2093"]
[PlyCount "99"]
[EventDate "2025.03.15"]
[EventType "swiss"]
[EventRounds "11"]
[EventCountry "ROU"]
[SourceTitle "CB13_2025"]
[SourceDate "2025.03.26"]
[SourceVersion "1"]
[SourceVersionDate "2025.03.26"]
[SourceQuality "1"]

1. e4 e5 2. Nf3 Nc6 3. Bc4 Nf6 4. Ng5 d5 5. exd5 Na5 6. Bb5+ c6 7. dxc6 bxc6 8. Bd3 Nd5 9. h4 Be7 10. Qf3 Bxg5 11. hxg5 Qxg5 12. Rh5 Qf6 13. Qxf6 gxf6 14. g3 Bg4 15. Rh4 f5 16. b3 h5 17. Be2 Bxe2 18. Kxe2 f4 19. Bb2 f6 20. g4 f3+ 21. Kxf3 hxg4+ 22. Rxg4 f5 23. Rg1 e4+ 24. Ke2 Rh3 25. Nc3 Nf4+ 26. Kf1 0-0-0 27. Ne2 Ne6 28. Bc3 Nb7 29. Ng3 Nd6 30. Re1 c5 31. d3 Rg8 32. dxe4 f4 33. Ne2 Rxg1+ 34. Kxg1 Ng5 35. Be5 Ndf7 36. Bxf4 Nxe4 37. Ng3 Nxg3 38. fxg3 Kd7 39. Kg2 Rh5 40. Re4 Nd8 41. g4 Rh7 42. g5 Ne6 43. Kg3 Rh1 44. Kg4 Rg1+ 45. Kf5 Ng7+ 46. Kf6 Ne8+ 47. Kf7 Rf1 48. Re7+ Kc6 49. Kxe8 Rxf4 50. g6 1-0

[Event "EU-ch 25th"]
[Site "Eforie Nord"]
[Date "2025.03.17"]
[Round "3"]
[White "Starosta, Martyna"]
[Black "Yaniv, Yuval"]
[Result "0-1"]
[WhiteElo "2226"]
[BlackElo "2418"]
[PlyCount "108"]
[EventDate "2025.03.15"]
[EventType "swiss"]
[EventRounds "11"]
[EventCountry "ROU"]
[SourceTitle "CB13_2025"]
[SourceDate "2025.03.26"]
[SourceVersion "1"]
[SourceVersionDate "2025.03.26"]
[SourceQuality "1"]

1. d4 Nf6 2. c4 d6 3. Nc3 Nbd7 4. e4 e5 5. d5 g6 6. Be2 Nc5 7. Qc2 a5 8. Be3 h5 9. Nf3 b6 10. Bg5 Be7 11. h3 h4 12. b3 Kf8 13. Bxh4 Nxd5 14. Nxd5 Bxh4 15. Rd1 Bf6 16. Nh2 Ne6 17. Bg4 Bg7 18. Qd3 Nd4 19. Bxc8 Rxc8 20. 0-0 Kg8 21. f4 c6 22. Ne3 exf4 23. Rxf4 Qg5 24. Rg4 Qc5 25. Kh1 Re8 26. Rf1 Rh5 27. Rgf4 Rhe5 28. Neg4 R5e7 29. Nf3 f5 30. Nxd4 fxg4 31. Nc2 gxh3 32. gxh3 Qh5 33. Rg4 Be5 34. Rfg1 Rh7 35. Rxg6+ Kh8 36. R1g2 Rf8 37. Kg1 Qxh3 38. Qxh3 Rxh3 39. R2g4 Kh7 40. R6g5 Rff3 41. Rf5 Rd3 42. Kf1 Rd2 43. Ne1 Bd4 44. Nf3 Rf2+ 45. Kg1 Rfxf3+ 46. Kg2 Rxf5 47. exf5 Rd3 48. Rg6 Be5 49. Re6 Kg7 50. Re7+ Kf6 51. Rc7 Bd4 52. Rxc6 Bc5 53. Kf1 Rd2 54. a3 Rb2 0-1

[Event "EU-ch 25th"]
[Site "Eforie Nord"]
[Date "2025.03.15"]
[Round "1"]
[White "Starosta, Martyna"]
[Black "Samunenkov, Igor"]
[Result "0-1"]
[WhiteElo "2226"]
[BlackElo "2556"]
[PlyCount "106"]
[EventDate "2025.03.15"]
[EventType "swiss"]
[EventRounds "11"]
[EventCountry "ROU"]
[SourceTitle "CB13_2025"]
[SourceDate "2025.03.26"]
[SourceVersion "1"]
[SourceVersionDate "2025.03.26"]
[SourceQuality "1"]

1. e4 c5 2. Nf3 Nc6 3. d4 cxd4 4. Nxd4 e6 5. Nc3 Qc7 6. Be3 a6 7. Qf3 h5 8. 0-0-0 b5 9. Qg3 Qxg3 10. hxg3 Bc5 11. Kb1 Bxd4 12. Bxd4 Nxd4 13. Rxd4 Bb7 14. Be2 Ne7 15. Rxh5 Rxh5 16. Bxh5 Nc6 17. Rd1 Ke7 18. f4 Rh8 19. Bf3 d6 20. Kc1 Rh2 21. Ne2 Na5 22. Nd4 g6 23. e5 dxe5 24. Bxb7 Nxb7 25. Nc6+ Ke8 26. Nxe5 Rxg2 27. Rd7 Nc5 28. Rxf7 Ne4 29. b3 Nxg3 30. Rf6 Ne2+ 31. Kb1 Ke7 32. Rxg6 Rxg6 33. Nxg6+ Kf6 34. Ne5 Nxf4 35. Nd7+ Kf5 36. c4 bxc4 37. bxc4 e5 38. Kc2 Ne6 39. Kd3 Kf4 40. Nf6 Kf3 41. c5 Nxc5+ 42. Kc4 e4 43. Nxe4 Nxe4 44. a4 Ke3 45. a5 Kd2 46. Kd4 Nc3 47. Kc4 Kc2 48. Kb4 Kd3 49. Kc5 Na2 50. Kb6 Nb4 51. Kc5 Kc3 52. Kd6 Kc4 53. Ke5 Nc6+ 0-1

[Event "BCF-chT2 2425 (4NCL)"]
[Site "England"]
[Date "2025.01.26"]
[Round "4.63"]
[White "Starosta, Martyna"]
[Black "Hughes, Roy"]
[Result "1/2-1/2"]
[WhiteElo "2226"]
[BlackElo "1999"]
[PlyCount "124"]
[EventDate "2024.11.23"]
[EventType "team-tourn"]
[EventRounds "11"]
[EventCountry "ENG"]
[SourceTitle "CB14_2025"]
[SourceDate "2024.11.01"]
[SourceVersion "1"]
[SourceVersionDate "2024.11.01"]
[SourceQuality "1"]
[WhiteTeam "Crowthorne"]
[BlackTeam "Iceni"]
[WhiteTeamCountry "ENG"]
[BlackTeamCountry "ENG"]

1. e4 d5 2. exd5 Qxd5 3. Nc3 Qd6 4. d4 Nf6 5. Nf3 c6 6. Ne5 Nbd7 7. f4 Nb6 8. g4 Nbd5 9. Bc4 Be6 10. Nxd5 Bxd5 11. 0-0 Bxc4 12. Nxc4 Qe6 13. Ne5 g6 14. a4 h5 15. g5 Nd7 16. Ra3 Bg7 17. Nf3 h4 18. Re3 Qg4+ 19. Kh1 Nb6 20. Qe2 Nd5 21. Re4 Qd7 22. Re1 e6 23. c4 Ne7 24. b3 Nf5 25. Rd1 Rd8 26. Ba3 Bf8 27. Ne5 Qc7 28. Bb2 Bg7 29. Ng4 Nd6 30. Ba3 Nxe4 31. Qxe4 Kd7 32. d5 exd5 33. cxd5 Kc8 34. d6 Qd7 35. Ne5 Bxe5 36. fxe5 Rh5 37. Qf4 Qf5 38. Qxf5+ gxf5 39. g6 Kd7 40. gxf7 Rh7 41. Rg1 Rxf7 42. Rg6 Re8 43. Bb2 f4 44. Kg2 Re6 45. Rg8 f3+ 46. Kf2 Rh6 47. Bc1 Rh5 48. Bg5 Rxg5 49. Rxg5 Ke6 50. Rh5 c5 51. Rxh4 Kxe5 52. Rh3 Kxd6 53. Rxf3 Rh7 54. Kg3 c4 55. bxc4 Kc5 56. Rf4 Kb4 57. c5+ Kxc5 58. h4 a6 59. a5 b5 60. axb6 Kxb6 61. Rf5 a5 62. h5 a4 1/2-1/2

[Event "BCF-chT2 2425 (4NCL)"]
[Site "England"]
[Date "2025.01.25"]
[Round "3.33"]
[White "Gayson, Peter"]
[Black "Starosta, Martyna"]
[Result "0-1"]
[WhiteElo "2078"]
[BlackElo "2226"]
[PlyCount "88"]
[EventDate "2024.11.23"]
[EventType "team-tourn"]
[EventRounds "11"]
[EventCountry "ENG"]
[SourceTitle "CB14_2025"]
[SourceDate "2024.11.01"]
[SourceVersion "1"]
[SourceVersionDate "2024.11.01"]
[SourceQuality "1"]
[WhiteTeam "Chessable White Rose II"]
[BlackTeam "Crowthorne"]
[WhiteTeamCountry "ENG"]
[BlackTeamCountry "ENG"]

1. e4 e6 2. d4 d5 3. Nd2 Be7 4. exd5 exd5 5. Ngf3 Nf6 6. Bd3 Bg4 7. h3 Bh5 8. 0-0 0-0 9. Re1 c5 10. dxc5 Bxc5 11. Nb3 Bb6 12. Bg5 h6 13. Bh4 Qd6 14. Kf1 Nc6 15. Bg3 Qd7 16. a4 a6 17. a5 Ba7 18. c3 Rfe8 19. Nbd2 Rxe1+ 20. Qxe1 Re8 21. Qb1 Qe7 22. Qc2 Ne4 23. Re1 Bxf3 24. Nxf3 Nxa5 25. Bxe4 dxe4 26. Nd2 f5 27. Bf4 Nc6 28. Be3 Bb8 29. Qb3+ Kh8 30. Bb6 Ne5 31. Bd4 Nd3 32. Ra1 Be5 33. Ra4 Bxd4 34. Rxd4 e3 35. Rxd3 exf2 36. Kxf2 Qe2+ 37. Kg1 Qxd3 38. Nf3 Qe3+ 39. Kh1 Qc1+ 40. Kh2 Qf4+ 41. Kh1 b5 42. Qf7 Re4 43. b4 Re2 44. h4 Qg4 0-1

[Event "BCF-chT2 2425 (4NCL)"]
[Site "England"]
[Date "2024.11.24"]
[Round "2.51"]
[White "Korshunov, Sergey And"]
[Black "Starosta, Martyna"]
[Result "1-0"]
[WhiteElo "2330"]
[BlackElo "2309"]
[PlyCount "79"]
[EventDate "2024.11.23"]
[EventType "team-tourn"]
[EventRounds "11"]
[EventCountry "ENG"]
[SourceTitle "CB48_2024"]
[SourceDate "2024.11.28"]
[SourceVersion "1"]
[SourceVersionDate "2024.11.28"]
[SourceQuality "1"]
[WhiteTeam "Schach Attack"]
[BlackTeam "Crowthorne"]
[WhiteTeamCountry "ENG"]
[BlackTeamCountry "ENG"]

1. d4 d5 2. Nf3 Nf6 3. g3 c5 4. Bg2 h5 5. 0-0 cxd4 6. Nxd4 h4 7. c4 hxg3 8. hxg3 Bh3 9. Qa4+ Nbd7 10. Bxh3 Rxh3 11. cxd5 Nxd5 12. Nc3 N5b6 13. Qc2 e5 14. Nf3 Bc5 15. Kg2 Rh5 16. a4 Qe7 17. Bd2 Rc8 18. Rh1 Rxh1 19. Rxh1 Qe6 20. Qe4 Nc4 21. Bc1 Nd6 22. Rh8+ Nf8 23. Qh7 Nf5 24. e4 Ne7 25. Qxg7 Neg6 26. Rh5 Be7 27. Rf5 Rc6 28. Ng5 Bxg5 29. Bxg5 Qc4 30. Rf3 Qe6 31. Nd5 Nd7 32. b3 Ngf8 33. Be7 Qg6 34. Bxf8 Nxf8 35. Qxe5+ Ne6 36. Rf6 Qg4 37. Rh6 Qe2 38. Rh8+ Kd7 39. Nf6+ Ke7 40. Re8# 1-0

[Event "Wch U18 Girls"]
[Site "Florianopolis"]
[Date "2024.11.03"]
[Round "6"]
[White "Fizerova, Lucie"]
[Black "Starosta, Martyna"]
[Result "1-0"]
[WhiteElo "1941"]
[BlackElo "2325"]
[PlyCount "79"]
[EventDate "2024.10.29"]
[EventType "swiss"]
[EventRounds "11"]
[EventCountry "BRA"]
[SourceTitle "CB45_2024"]
[Source "ChessBase"]
[SourceDate "2024.11.06"]
[SourceVersion "1"]
[SourceVersionDate "2024.11.06"]
[SourceQuality "1"]

1. d4 d5 2. Bf4 c5 3. e3 Nc6 4. Nf3 Bg4 5. c3 Qb6 6. Na3 c4 7. Rb1 f6 8. Be2 g5 9. Bg3 Bf5 10. Nc2 h5 11. h4 g4 12. Nd2 Bh6 13. 0-0 Qa6 14. e4 Be6 15. b3 b5 16. a4 Qa5 17. axb5 Qxc3 18. bxc6 Qxd2 19. Qxd2 Bxd2 20. bxc4 dxe4 21. d5 Bf5 22. Nd4 Nh6 23. c5 e3 24. Rb3 exf2+ 25. Bxf2 Be4 26. d6 e5 27. Ne6 Bxc6 28. Nc7+ Kd7 29. Nxa8 Rxa8 30. Ba6 Nf5 31. Bb7 Rg8 32. Bxc6+ Kxc6 33. Ra1 g3 34. Ra6+ Kd7 35. Rb7+ Ke6 36. d7+ Kd5 37. Bxg3 Nxg3 38. Rd6+ Kxc5 39. Rxd2 Kc6 40. Rb3 1-0

[Event "Wch U18 Girls"]
[Site "Florianopolis"]
[Date "2024.11.02"]
[Round "5"]
[White "Starosta, Martyna"]
[Black "Ha, Yihan"]
[Result "0-1"]
[WhiteElo "2325"]
[BlackElo "2060"]
[PlyCount "112"]
[EventDate "2024.10.29"]
[EventType "swiss"]
[EventRounds "11"]
[EventCountry "BRA"]
[SourceTitle "CB45_2024"]
[Source "ChessBase"]
[SourceDate "2024.11.06"]
[SourceVersion "1"]
[SourceVersionDate "2024.11.06"]
[SourceQuality "1"]

1. e4 e5 2. Nf3 Nf6 3. Nxe5 d6 4. Nf3 Nxe4 5. Bd3 Nc5 6. Be2 Be7 7. d4 Ne4 8. Bd3 d5 9. Nbd2 Bf5 10. Qe2 Nxd2 11. Bxf5 Nxf3+ 12. Qxf3 0-0 13. h4 Re8 14. Kf1 Nc6 15. c3 Bf8 16. Bc2 Qd6 17. Bf4 Qf6 18. Qd3 g6 19. Bxc7 Rac8 20. Bg3 Bh6 21. Kg1 Re4 22. Qd1 Re6 23. h5 Kg7 24. Bd3 Rce8 25. Rh3 Qe7 26. Qf3 Re1+ 27. Rxe1 Qxe1+ 28. Kh2 Qc1 29. hxg6 hxg6 30. Qxd5 Re1 31. Bd6 Bf4+ 32. Bxf4 Qxf4+ 33. Rg3 Qh4+ 34. Rh3 Qxf2 35. Bc4 Ne7 36. Qxf7+ Qxf7 37. Bxf7 Kxf7 38. c4 Re4 39. d5 Rxc4 40. Rh7+ Kf6 41. d6 Nf5 42. Rxb7 Ra4 43. d7 Ke7 44. a3 Kd8 45. g4 Nd6 46. Rb8+ Kxd7 47. Rg8 Rxg4 48. Rg7+ Ke6 49. Rxa7 Kf5 50. b4 Kf4 51. Rd7 Nf5 52. b5 Kf3 53. b6 Rg2+ 54. Kh3 Rb2 55. b7 g5 56. Rd3+ Kf4 0-1

[Event "Wch U18 Girls"]
[Site "Florianopolis"]
[Date "2024.11.01"]
[Round "4"]
[White "Alekseenko, Mariya"]
[Black "Starosta, Martyna"]
[Result "0-1"]
[WhiteElo "2049"]
[BlackElo "2325"]
[PlyCount "94"]
[EventDate "2024.10.29"]
[EventType "swiss"]
[EventRounds "11"]
[EventCountry "BRA"]
[SourceTitle "CB45_2024"]
[Source "ChessBase"]
[SourceDate "2024.11.06"]
[SourceVersion "1"]
[SourceVersionDate "2024.11.06"]
[SourceQuality "1"]

1. d4 Nf6 2. c4 e6 3. g3 d5 4. Bg2 dxc4 5. Nf3 c6 6. 0-0 b5 7. a4 Bb7 8. Ne5 a6 9. axb5 axb5 10. Rxa8 Bxa8 11. Nc3 Nd5 12. e4 Nxc3 13. bxc3 Nd7 14. Ng4 Nb6 15. f4 h5 16. Ne5 Nd7 17. Qf3 Be7 18. f5 Nxe5 19. dxe5 Bc5+ 20. Kh1 Qd7 21. fxe6 fxe6 22. Bg5 Bb6 23. Rd1 Qf7 24. Qe3 Qc7 25. Qf4 Qf7 26. Bh3 0-0 27. Qxf7+ Kxf7 28. Rd7+ Kg6 29. Bf4 Re8 30. Rd6 Kh7 31. Bg5 Ba5 32. Rd7 Kg6 33. Be7 Bxc3 34. Bxe6 Bxe5 35. Bf5+ Kf7 36. Bd8+ Kf8 37. Bg6 c3 38. Bg5 Rb8 39. Rf7+ Kg8 40. Rf5 Bf6 41. Bf4 Rd8 42. Kg2 b4 43. Rc5 Be7 44. Rf5 Rf8 45. Ra5 b3 46. e5 c2 47. Bc1 Bb4 0-1

[Event "Wch U18 Girls"]
[Site "Florianopolis"]
[Date "2024.10.30"]
[Round "2"]
[White "Striskova, Lucia"]
[Black "Starosta, Martyna"]
[Result "1-0"]
[WhiteElo "2016"]
[BlackElo "2325"]
[PlyCount "115"]
[EventDate "2024.10.29"]
[EventType "swiss"]
[EventRounds "11"]
[EventCountry "BRA"]
[SourceTitle "CB45_2024"]
[Source "ChessBase"]
[SourceDate "2024.11.06"]
[SourceVersion "1"]
[SourceVersionDate "2024.11.06"]
[SourceQuality "1"]

1. d4 Nf6 2. c4 e6 3. Nf3 d5 4. g3 dxc4 5. Bg2 Bb4+ 6. Bd2 c5 7. Bxb4 cxb4 8. Ne5 0-0 9. a3 Nc6 10. Bxc6 bxc6 11. axb4 Nd5 12. 0-0 Nxb4 13. Nxc4 Rb8 14. Nc3 Qc7 15. Qa4 Ba6 16. Qa5 Qc8 17. Ne5 Rd8 18. Rfd1 f6 19. Nf3 Rb6 20. Ra4 Nd5 21. Rd2 Qb7 22. Ne4 Bb5 23. Nc5 Qb8 24. Ra1 a6 25. e4 Nc7 26. Qa2 Qc8 27. Nh4 Kh8 28. Rad1 Rd6 29. Ng2 Qe8 30. Qa5 Qb8 31. b3 Qa7 32. e5 fxe5 33. dxe5 Rxd2 34. Qxd2 Rb8 35. Nf4 Nd5 36. Ncxe6 Qe7 37. Nxd5 Qxe6 38. Nc7 Qxb3 39. e6 c5 40. Nxb5 Qxe6 41. Nc7 Qe7 42. Nxa6 Rc8 43. Qd6 Qxd6 44. Rxd6 Kg8 45. Kf1 Kf7 46. Ke2 Ke7 47. Rb6 g5 48. Rb7+ Kd6 49. Rxh7 c4 50. Nb4 Re8+ 51. Kf1 c3 52. Nc2 Rb8 53. Rg7 Rb2 54. Ne3 c2 55. Nxc2 Rxc2 56. Rxg5 Ke6 57. h4 Kf6 58. Kg2 1-0

[Event "POL-chT Ekstraliga"]
[Site "Walbrzych"]
[Date "2024.10.07"]
[Round "1.12"]
[White "Socko, Monika"]
[Black "Starosta, Martyna"]
[Result "1/2-1/2"]
[WhiteElo "2419"]
[BlackElo "2325"]
[PlyCount "71"]
[EventDate "2024.10.07"]
[EventType "team-tourn"]
[EventRounds "9"]
[EventCountry "POL"]
[SourceTitle "CB42_2024"]
[Source "ChessBase"]
[SourceDate "2024.10.16"]
[SourceVersion "1"]
[SourceVersionDate "2024.10.16"]
[SourceQuality "1"]
[WhiteTeam "Katowice Wasko"]
[BlackTeam "Wroclaw Polonia"]
[WhiteTeamCountry "POL"]
[BlackTeamCountry "POL"]

1. e4 e6 2. d4 d5 3. Nd2 Be7 4. e5 c5 5. c3 cxd4 6. cxd4 Nc6 7. Ndf3 Qb6 8. Bd3 Bd7 9. Ne2 Nb4 10. Bb1 Bb5 11. 0-0 Qa6 12. Re1 Bd3 13. Nc3 Bxb1 14. Rxb1 Nxa2 15. Nxa2 Qxa2 16. Bd2 Qc4 17. Re3 Bd8 18. Rb3 Qc6 19. Bb4 Ne7 20. Bxe7 Kxe7 21. Qd2 Bb6 22. Qg5+ Kf8 23. Rc3 Qd7 24. Rbc1 h6 25. Qg4 Ba5 26. b4 Bd8 27. h4 a5 28. bxa5 Bxa5 29. R3c2 Kg8 30. Qh5 b5 31. Ra2 Ra7 32. Rb1 Kh7 33. Ng5+ Kg8 34. Nf3 Kh7 35. Ng5+ Kg8 36. Nf3 1/2-1/2

[Event "Titled Tuesday intern op 03rd Sep Early"]
[Site "Chess.com INT"]
[Date "2024.09.03"]
[Round "5"]
[White "Cano Gimenez, Vicente"]
[Black "Starosta, Martyna"]
[Result "0-1"]
[WhiteElo "2206"]
[BlackElo "2325"]
[PlyCount "52"]
[EventDate "2024.09.03"]
[EventType "swiss (blitz)"]
[EventRounds "11"]
[EventCountry "USA"]
[SourceTitle "EXT 2025"]
[Source "ChessBase"]
[SourceDate "2024.10.14"]
[SourceVersion "1"]
[SourceVersionDate "2024.10.14"]
[SourceQuality "1"]

1. Nf3 Nf6 2. c4 e6 3. g3 d5 4. Bg2 dxc4 5. Qa4+ c6 6. Qxc4 Bd6 7. 0-0 0-0 8. d3 Nbd7 9. Nbd2 Nb6 10. Qc2 e5 11. a3 Be6 12. Ng5 Bd7 13. Nge4 Nxe4 14. Nxe4 Be7 15. Be3 Nd5 16. Bd2 Qc8 17. Rfe1 Bh3 18. Bh1 f5 19. Nc5 f4 20. Rac1 Qf5 21. Ne4 Bd8 22. b4 Bb6 23. Bf3 Bg4 24. Nd6 Qg6 25. Kg2 Bxf3+ 26. exf3 Qxd6 0-1